000 00581cam a22002053a 4500
001 45550
003 PGUSA
005 20140828084043.0
008 140501s2014||||xxu|||||s|||||000 | eng d
040 _aPGUSA
_beng
042 _adc
100 1 _aChateaubriand, René
245 1 0 _aMémoires d'Outre-Tombe, Tome 3
_h[electronic resource] /
_cRené Chateaubriand
260 _bProject Gutenberg,
_c2014
506 _aPublic domain in the USA.
516 _aElectronic text
830 0 _aProject Gutenberg
_v45550
856 4 0 _uhttp://www.gutenberg.org/ebooks/45550
942 _cEB
999 _c274801
_d274801